Nur wer in Flammen steht, (Record no. 3990)

MARC details
000 -LEADER
fixed length control field 00559cam a22002051 4500
001 - CONTROL NUMBER
control field af 48000263
003 - CONTROL NUMBER IDENTIFIER
control field DLC
005 - DATE AND TIME OF LATEST TRANSACTION
control field 20260227110842.0
008 - FIXED-LENGTH DATA ELEMENTS--GENERAL INFORMATION
fixed length control field 780905s1946 gw 000 1 ger c
010 ## - LIBRARY OF CONGRESS CONTROL NUMBER
LC control number af 48000263
035 ## - SYSTEM CONTROL NUMBER
System control number (OCoLC)4196669
040 ## - CATALOGING SOURCE
Original cataloging agency Illinois. Univ. Library
Transcribing agency TNJ
Modifying agency DLC
042 ## - AUTHENTICATION CODE
Authentication code premarc
050 00 - LIBRARY OF CONGRESS CALL NUMBER
Classification number PT2621.R526
Item number N8
082 ## - DEWEY DECIMAL CLASSIFICATION NUMBER
Classification number 831.91
100 1# - MAIN ENTRY--PERSONAL NAME
Personal name Kreker, Erwin,
Dates associated with a name 1907-
245 10 - TITLE STATEMENT
Title Nur wer in Flammen steht,
Remainder of title Sonette.
Statement of responsibility, etc. [Von] Georg Schneider [pseud.]
260 ## - PUBLICATION, DISTRIBUTION, ETC.
Place of publication, distribution, etc. [Coburg]
Name of publisher, distributor, etc. Winkler
Date of publication, distribution, etc. [1946]
300 ## - PHYSICAL DESCRIPTION
Extent 74 p.
Dimensions 22 cm.

No items available.

Powered by Koha